Readings in business cycle theory

Uloženo v:
Podrobná bibliografie
Korporativní autor: American Economic Association (Autor)
Médium: Kniha
Jazyk:angličtina
Vydáno: Londres George Allen and Unwin 1950
Témata:
Tagy: Přidat tag
Žádné tagy, Buďte první, kdo vytvoří štítek k tomuto záznamu!

MARC

LEADER 00000nam a2200000 a 4500
001 UCQ2126
003 CL-VaPUC
008 980721e19500000UK |||||||||||||||||eng|d
082 0 4 |a 338.542  |b AME  |2 21 
110 2 |a American Economic Association  |e author  |9 416049 
245 1 0 |a Readings in business cycle theory 
300 |a 494 p 
942 |c BK 
945 |d 19980721 00:00:00  |a crobeson 
260 |a Londres  |b George Allen and Unwin  |c 1950 
650 7 |a CICLO DE NEGOCIOS  |2 CL-VaPUC  |9 408969 
650 7 |a FLUCTUACIONES ECONOMICAS  |2 CL-VaPUC  |9 408970 
650 0 |a Teoría económica  |9 315055 
650 7 |a RECESION ECONOMICA  |2 CL-VaPUC  |9 379121 
650 0 |a Recuperación económica  |9 414312 
650 7 |a SERIES ECONOMICAS TEMPORALES  |2 CL-VaPUC  |9 416050 
650 7 |a INGRESO NACIONAL  |2 CL-VaPUC  |9 334289 
650 0 |a Ahorro  |9 351157 
650 0 |a Consumo  |9 333893 
583 |a last modification  |c 19980721 00:00:00  |k Rodrigo Vera 
999 |c 272967  |d 272965